000 00616nam a22001937a 4500
005 20251108171942.0
008 250721s9999 xx 000 0 ara d
082 1 4 _a155.4/مسا
100 1 _aمساعدة، علي سليم
245 1 0 _aالنمو البدني عند الطفل /
264 1 _aاربد :
_bدار الكندي للنشر،
_c[19-].
300 _a152ص
650 1 7 _aنمو الأطفال
650 1 7 _aسيكولوجية الطفولة
700 1 _aجرادات، محمد عبد الرحمن
700 1 _aبني ياسين، بسام محمود
942 _2ddc
_cBK
999 _c66734
_d66734